000 00902nam a22002177a 4500
001 6801
003 FISKH
005 20250528155505.0
008 250528b cb ||||| |||| 00| 0 eng d
020 _a9786169035244
040 _aFISKH
_beng
_cFISKH
_dFISKH
082 _a380
100 _aForum-Asia
245 _aA guidebook on engaging :
_bAsean and its human rights mechanisms /
_cBy Forum-Asia
250 _aSecond edition 2011
260 _aBangkok :
_c2010.
300 _a64 pages :
_billustrations ;
_c23 cm .
520 _aThis guidebook is a resource developed to assist civil society organizations, academics, and the public in understanding and engaging with ASEAN's human rights frameworks. It is particularly valuable for those working with marginalized communities and seeking to navigate ASEAN's human rights mechanisms effectively.
942 _2ddc
_cBK
_n0
999 _c6801
_d6801